书目信息 |
| 题名: |
建设工程经济
|
|
| 作者: | 本书编委会 编 | |
| 分册: | ||
| 出版信息: | 北京 人民交通出版社 2007.05 |
|
| 页数: | 131页 | |
| 开本: | 26cm | |
| 丛书名: | ||
| 单 册: | ||
| 中图分类: | F407.9 | |
| 科图分类: | ||
| 主题词: | 建筑工程 | |
| 电子资源: | ||
| ISBN: | 7-114-06546-0 | |
| 000 | 0070700234 00241 | |
| 001 | 012000000824 | |
| 005 | 20070902085910.20 | |
| 010 | @a7-114-06546-0@dCNY20.00 | |
| 100 | @a20070715d2007 em y0chiy0121 ea | |
| 101 | @achi | |
| 102 | @aCN@b110000 | |
| 105 | @ay z 000yy | |
| 200 | 10 | @a建设工程经济@9jian she gong cheng jing ji@f本书编委会编@Fben shu bian wei hui bian |
| 210 | @a北京@c人民交通出版社@d2007.05 | |
| 215 | @a131页@d26cm | |
| 300 | @a全国一级建造师职业资格考试全真模拟试题及历年考题解析 | |
| 540 | @a建设工程经济 | |
| 606 | @a建筑工程 | |
| 690 | @aF407.9@v4 | |
| 701 | 0 | @a本书编委会@9ben shu bian wei hui@4编 |
| 801 | @aCN@c20070902 | |
| 901 | @a000001 | |
| 905 | @dF407.9@eB715 | |
| 建设工程经济/本书编委会编.-北京:人民交通出版社,2007.05 |
| 131页;26cm |
| 全国一级建造师职业资格考试全真模拟试题及历年考题解析 |
| ISBN 7-114-06546-0:CNY20.00 |
| ● |
| 相关链接 |
|
|
|
正题名:建设工程经济
索取号:F407.9/B715
 
预约/预借
| 序号 | 登录号 | 条形码 | 馆藏地/架位号 | 状态 | 备注 |
| 1 | 642330 | 206423306 | 社科库409/409社科库 34排4列5层/ [索取号:F407.9/B715] | 在馆 | |
| 2 | 642331 | 206423315 | 社科库409/409社科库 34排4列5层/ [索取号:F407.9/B715] | 在馆 | |
| 3 | 642332 | 206423324 | 社科库409/409社科库 34排4列5层/ [索取号:F407.9/B715] | 在馆 |